Infinitesimal calculus

Αποθηκεύτηκε σε:
Λεπτομέρειες βιβλιογραφικής εγγραφής
Κύριος συγγραφέας: Henle, James M.
Άλλοι συγγραφείς: Kleinberg, Eugene M.
Μορφή: Βιβλίο
Γλώσσα:English
Δημοσίευση: New York : Dover, 2003, c1979.
Θέματα:
Ετικέτες: Προσθήκη ετικέτας
Δεν υπάρχουν, Καταχωρήστε ετικέτα πρώτοι!

MARC

LEADER 00000cam a2200000 i 4500
001 1/57983
008 071011r20031979nyu ||| | eng||
020 |a 0486428869  |c (χαρτόδετο) 
035 |l 10091409 
040 |a GR-MyUA  |b gre  |e AACR2 
041 0 |a eng 
082 0 |a 515  |2 (22) 
100 1 |a Henle, James M. 
245 1 0 |a Infinitesimal calculus /   |c James M. Henle, Eugene M. Kleinberg.  
260 |a New York :   |b Dover,   |c 2003, c1979.  
300 |a vii, 135 σ. ;   |c 24 εκ.  
500 |a Originally published: Cambridge, Mass.: MIT Press, c1979.  
504 |a Περιλαμβάνει ευρετήριο.  
650 0 0 |a Calculus. 
700 1 |a Kleinberg, Eugene M. 
852 |a INST  |b CHIOS  |e 20071011  |h 515 HEN  |p 005200028678  |q 005200028678  |t BK  |y 0 
852 |a INST  |b CHIOS  |e 20130422  |h 515 HEN  |p 005200035406  |q 005200035406  |t BK  |y 0 
852 |a INST  |b SAMOS  |e 20230613  |h 515 HEN  |p 005300047908  |q 005300047908  |t BK  |y 0 
901 |a BIBL2-2007-3 
901 |a BIBL2-2013-1 
909 |a Χ  |b 139610 
909 |a Χ  |b 177330 
922 |a 2ΕΛΗ  |b 200709  |c ΕΠΕΑΕΚ2/ΤΜΟΔ  |d ΠΑΠΑΣΩΤΗΡΙΟΥ 
922 |a 2ΕΛΗ  |b 201210  |c ΤΑΚ/ΤΜΟΔ  |d ΙΩΑΝΝΙΔΟΥ 
970 |a ΒΑΣΙΛΑΚΗ  |b ΝΙΚΗ  |z 2007/10/11